000 01268nam0a22002651 4500
001 rc\3583225
005 20250610074926.0
021 _aRU
_b[73-69691]
035 _a(NLR Aleph) 007805249
090 _a7695797
_c7695797
100 _a20130115d1973 |||y0rusy50 ca
101 0 _arus
102 _aRU
105 _aa j |||||
200 1 _aУчебное пособие по использованию математики в материально-техническом снабжении
_f[М-во высш. и сред. спец. образования РСФСР]. Ленингр. фин.-экон. ин-т им. Н.А. Вознесенского. Кафедра экономики, планирования и организации матер.-техн. снабжения
210 _aЛенинград
_cБ. и.
_d1973
215 _a55 с.
_cчерт.
_d20
606 _aМатериально-техническое снабжение
_xОрганизация
_xМатематические методы
_2psbo
700 1 _aПлоткин
_bБ. К.
_gБорис Кальманович
_9164736
_3RU\NLR\AUTH\770164780
801 0 _aRU
_bNLR
_gpsbo
801 1 _aRU
_bELAR
_2rusmarc
852 _aNLR
_j73-4/27380
942 _cBOOK
980 _aNB